000 00592pab a2200205 454500
008 180718b2012 xxu||||| |||| 00| 0 eng d
100 _aKapur, Vijay
245 _aChallenges for Indian higher education in the 21st century - a blueprint integrating quality and accountability
260 _c2012
300 _ap.151-160.
362 _aJan
650 _aEducational accountability
650 _aEducational quality
650 _aAccountability
650 _aHigher education - 21 century
650 _aHigher education
773 _aAdministration
908 _aN
909 _a95945
999 _c95945
_d95945